000 01778nam0a2200373 i 4500
001 RU\NLR\bibl\1943068
005 20241102083020.0
010 _a9785431900280
_95000
021 _aRU
_b2012-60021
_94402
035 _a(NLR Aleph) 001932328
090 _a3452799
_c3452799
100 _a20120910d2012 u y0rusy50 ca
101 0 _arus
102 _aRU
105 _aa |||||||||
200 1 _aВеликая Отечественная: ленд-лиз
_e[в память о великом Содружестве, уничтожившем "коричневую чуму XX века"]
_fН.И. Рыжков
210 _aМосква
_cЭкономическая газета
_d2012
215 _a439 с.
_cил.
_d25
225 1 _aРусская классическая библиотека "Экономика и духовность"
311 _aПродолжение кн. "Великая Отечественная: битва экономик и оружие Победы"
320 _aБиблиогр.: с. 430-437 (160 назв.)
488 0 _12001#$aВеликая Отечественная: битва экономик и оружие Победы
_tВеликая Отечественная: битва экономик и оружие Победы
606 _aЛенд-лиз
_91331469
_3RU\NLR\auth\66238911
686 _aТ3(7США)62-612
686 _aТ3(0)629-612
686 _aТ3(2)722.9-612
686 _aЦ35(2)722-7
700 1 _4070
_7ca
_8rus
_aРыжков
_bН. И.
_cгос. и полит. деятель
_f1929-2024
_gНиколай Иванович
_9265363
_3RU\NLR\AUTH\770265419
801 0 _aRU
_bNLR
_c20120910
_gRCR
801 1 _aRU
_bNLR
_c20120910
942 _cBOOK
980 _aNBR